LEADER 01656nam a2200373 i 4500 001 000000250107 003 CaOOAMICUS 005 20160713000000.0 008 160713s2014 it u000 u ita u 013 $a229012 020 $a978-88-7698-317-7 040 $aSeMil$bita 100 0 $aPaulus VI,$c.$0(OLS)http://semarc/name/803 245 12$aL'ora della prova :$bscritti antifascisti 1920-1939 /$cGiovanni Battista Montini ; a cura di Giselda Adornato. 260 $aMilano :$bMedusa,$c2014. 300 $a156 p. ;$c22 cm. 490 0 $aLe porpore ;$v82 500 $aOmaggio del Card. Dionigi Tettamanzi. 650 4$aMontini, Giovanni Battista <1897-1978> - Scritti e discorsi.$0(OLS)http://semarc/subject/9813 650 4$aAntifascisti italiani - Lettere e carteggi.$0(OLS)http://semarc/subject/3845 650 4$aMontini, Giovanni Battista <1897-1978> - Antifascismo.$0(OLS)http://semarc/subject/42944 700 1 $aAdornato, Giselda,$d<1959- >.$0(OLS)http://semarc/name/16301 830 3$aLe porpore ;$v82.$0(OLS)http://semarc/title/24541 850 $aSeMil 852 $aSeMil$W1$xVenegono$y1$m2A V 147$j200453$B200453$CSeMilBibl$Z2$F212623 $81 900 1 $aMontini, Giovanni Battista,$d<1897-1978>. 900 0 $aPaolo VI$c. 941 1 $a5 961 $aOmaggio: Tettamanzi Card. Dionigi 996 $6020$a978-88-7698-317-7$9(OLS)http://semarc/number/260465 996 $6245$aL'ora della prova :$bscritti antifascisti 1920-1939$9(OLS)http://semarc/title/352327 996 $6260$aMilano :$bMedusa$9(OLS)http://semarc/publisher/33071 LEADER 01661nam a2200277 i 4500 001 000000188805 003 CaOOAMICUS 005 20100422000000.0 008 100422s1973 gw u000 u ger u 013 $a167039 040 $aSeMil$bita 100 1 $aKlein, Aloys.$0(OLS)http://semarc/name/69150 245 10$aGlaube und Mythos :$beine kritische, religionsphilosophisch-theologische Untersuchung des Mythos-Begriffs bei Karl Jaspers /$cAloys Klein. 260 $aMünchen [etc.] :$bF. Schöningh,$c1973. 300 $aXXVI, 246 p. ;$c21 cm. 490 0 $aAbhandlungen zur Philosophie, Psychologie, Soziologie der Religion und Ökumenik. Neue Folge ;$v26 490 0 $aAbhandlungen zur Philosophie, Psychologie und Soziologie der Religion und Ökumenik ;$v. Neue Folge ; 26 500 $aTesi presentata alla Katholisch-Theologische Fakultät, München, 1972. 650 4$aJaspers, Karl <1883-1969>.$0(OLS)http://semarc/subject/5784 650 4$aMito.$0(OLS)http://semarc/subject/2342 830 0$aAbhandlungen zur Philosophie, Psychologie, Soziologie der Religion und Ökumenik. Neue Folge ;$v26.$0(OLS)http://semarc/title/8231 830 0$aAbhandlungen zur Philosophie, Psychologie und Soziologie der Religion und Ökumenik ;$v. Neue Folge ; 26.$0(OLS)http://semarc/title/18957 850 $aSeMil 852 $aSeMil$W1$xVenegono$y1$m2X IV 151$j139442$B139442$CSeMilBibl$Z2$F151068 $81 996 $6245$aGlaube und Mythos :$beine kritische, religionsphilosophisch-theologische Untersuchung des Mythos-Begriffs bei Karl Jaspers$9(OLS)http://semarc/title/271786 996 $6260$aMünchen [etc.] :$bF. Schöningh$9(OLS)http://semarc/publisher/31674